000 00695nam a2200253Ia 4500
001 9726
003 GE_BSU
008 181216s||||||||xx |||||||||||||| ||und||
020 _a9994063294
040 _cGE_BSU
080 _a821.353.1-31
100 _aბუღაძე,ლაშა
245 _aოქროს ხანა
245 _bრომანი
250 _a1-ლი გამოც.
260 _aთბილისი.
260 _bბაკურ სულაკაურის გამ-ბა.
260 _c2006
300 _a202გვ;20სმ
541 _h7ლ.21თ
653 _aოქროს ხანა
653 _aრომანი
942 _cBK
999 _c43007
_d43007